| 000 | 00977nam a22002897r 4500 | ||
|---|---|---|---|
| 003 | 3228 | ||
| 005 | 20260610114321.0 | ||
| 008 | 260610b sa a|||b |||| 00| 1 zul d | ||
| 020 | _a9781779804204 (paperback) | ||
| 040 |
_aMPL _beng _c3228 _erda |
||
| 041 | _aZulu | ||
| 082 | 0 | _aZUL KF KRUG | |
| 100 |
_9191021 _aKruger, Louise _eauthor |
||
| 245 |
_aUbuhlalu obuhle / _cauthor Louise Kruger ; ixixwa kabusha nguYvonne Malindi ; imifanekiso nguStephen Wallace |
||
| 250 | _aFirst edition | ||
| 260 |
_aCenturion : _bQualibooks Publishing , _c©2023, _c2023. |
||
| 300 |
_a32 pages : _billustrations ; _c21 cm |
||
| 490 | _aFunda ukuzenzela imali | ||
| 650 | 0 |
_9178937 _aEntrepreneurship |
|
| 655 | 0 |
_9188586 _aChildren's Fiction |
|
| 655 | 0 |
_9174935 _aZulu fiction |
|
| 655 | 0 |
_9188803 _aInformation Fiction |
|
| 655 | 0 |
_9199622 _aLearning Fiction |
|
| 700 |
_9193383 _aMalindi, Yvonne _enarrator |
||
| 700 |
_9178761 _aWallace, Stephen _eillustrator |
||
| 942 |
_2ddc _cBK _w296 _xPhillipina Naude _y296 _zPhillipina Naude |
||
| 999 |
_c800217 _d800216 |
||